Vista normal
Vista MARC
Entrada Materia (tema)
Número de registros utilizados en: 1
001 - CONTROL NUMBER
- control field: 100609
003 - CONTROL NUMBER IDENTIFIER
- control field: Co-BoUCM
005 - DATE AND TIME OF LATEST TRANSACTION
- control field: 20200707114900.0
008 - FIXED-LENGTH DATA ELEMENTS
- fixed length control field: 200707|| aca||aabn | a|a d
040 ## - CATALOGING SOURCE
- Original cataloging agency: Co-BoUCM
- Transcribing agency: Co-BoUCM
150 ## - HEADING--TOPICAL TERM
- Topical term or geographic name as entry element: Derecho cacónico
670 ## - SOURCE DATA FOUND
- Source citation: Work cat.: (Co-BoUCM)76147: Diana, Antonino, 1585-1663 35476, R. P. D. Antonini Diana Panormitani (...) Resolutionum Moralium, 1640